000
00330nam a22001457a 4500
003
SGT
020
_a
978-93-85915-52-9
082
_a
611
_b
AGR
100
_a
AGRAWAL, ROHINI
245
_a
ANATOMY, PHYSIOLOGY AND HEALTH EDUCATION
260
_a
INDIA
_b
CBS PUB.
_c
2021
300
_a
645
650
_a
ANATOMY
942
_2
ddc
_c
BK
999
_c
32423
_d
32423